| 000 | 01268nam a22003135a 4500 | ||
|---|---|---|---|
| 008 | 150817t1999 ma a frb 001 0 eng d | ||
| 010 | _a 98002770 | ||
| 020 | _a007116605x | ||
| 020 | _a9780071166058 | ||
| 035 | _a(DLC) 98002770 | ||
| 040 |
_aEG-ScBUE _beng _cEG-ScBUE |
||
| 082 | 0 | 0 |
_a621.815 _bNOR |
| 100 | 1 | _aNorton, Robert L. | |
| 245 | 1 | 0 |
_aDesign of machinery : _ban introduction to the synthesis and analysi of mechanisms and machines / _cRobert L. Norton. |
| 250 | _a2nd ed. | ||
| 260 |
_aBoston : _bWCB McGraw-Hill, _cc. 1999. |
||
| 300 |
_axxi. 809 p. : _bill. (some col.) ; _c25 cm. + _e1 CD-ROM (4 3/4 in.) |
||
| 490 | 0 | _aMcGraw-Hill series in mechanical engineering | |
| 500 | _aIndex: p.795-809. | ||
| 504 | _aIncludes bibliographical references. | ||
| 538 | _aSystem requirements for accompanying computer disc: Windows, 486/66-based PC or better ; Windows 95 or Windows NT 4.0 or higher ; Mac OS platforms, 68020-based processors of above ; Mac OS System 7.1 or higher | ||
| 590 | _aMohamed Hussein | ||
| 650 | 0 |
_aMachine design. _2BUEsh |
|
| 650 | 0 |
_aMachinery, Kinematics of. _2BUEsh |
|
| 650 | 0 |
_aMachinery, Dynamics of. _2BUEsh |
|
| 651 | _2BUEsh | ||
| 653 |
_bENGMEC _cAugust2015 |
||
| 942 |
_cBB _k621.815N882 _2ddc |
||
| 999 |
_c4506 _d4506 |
||